Normal view
MARC view
- Chemical peel
Entry Topical Term
001 - CONTROL NUMBER
- control field: 39511
003 - CONTROL NUMBER IDENTIFIER
- control field: OSt
005 - DATE AND TIME OF LATEST TRANSACTION
- control field: 20160309133340.0
008 - FIXED-LENGTH DATA ELEMENTS
- fixed length control field: 160309|| aca||babn | a|a d
040 ## - CATALOGING SOURCE
- Original cataloging agency: OSt
150 ## - HEADING--TOPICAL TERM
- Topical term or geographic name as entry element: Chemical peel
450 ## - SEE FROM TRACING--TOPICAL TERM
- Topical term or geographic name entry element: Chemabrasion
450 ## - SEE FROM TRACING--TOPICAL TERM
- Topical term or geographic name entry element: Chemexfoliation
450 ## - SEE FROM TRACING--TOPICAL TERM
- Topical term or geographic name entry element: Chemical exfoliation
450 ## - SEE FROM TRACING--TOPICAL TERM
- Topical term or geographic name entry element: Chemical peeling
450 ## - SEE FROM TRACING--TOPICAL TERM
- Topical term or geographic name entry element: Exfoliation, Chemical
450 ## - SEE FROM TRACING--TOPICAL TERM
- Topical term or geographic name entry element: Peel, Chemical
450 ## - SEE FROM TRACING--TOPICAL TERM
- Topical term or geographic name entry element: Peeling, Chemical
550 ## - SEE ALSO FROM TRACING--TOPICAL TERM
- Topical term or geographic name entry element: Chemosurgery